000
00218nam a22000857a 4500
008
161122b xxu||||| |||| 00| 0 eng d
100
_9
1328
_a
Wilkinson
245
_a
The Dream giver
260
_a
Rinehot swingston
_b
oregon
_c
2003
999
_c
4040
_d
4040